00535 2200181 4500001002100000005001500021035002000036007000300056008004100059020001800100082001000118084001600128100001300144245013800157260003200295856001700327990000900344INLIS00000000000074220220901112629 a0010-0922000023ta220901 g 0 ind  a9789793077048 a371.3 a371.3 WAH p0 aWahyudin1 aPembelajaran dan Model-Model Pembelajaran :b(Pelengkap untuk meningkatkan kompetensi pedagogis para guru dan calon guru profesional) aJakarta :bIPA Abong,c2008 aKoleksi Umum a1026